| 000 | 00600nam a22001817a 4500 | ||
|---|---|---|---|
| 003 | NUST | ||
| 038 | _aNusrat Nadeem | ||
| 040 | _aCentral Library NUST | ||
| 082 | _a200 | ||
| 100 |
_aMajeed, Barira _9122982 |
||
| 245 |
_aLarge Silicon Photonic Gratings with High Directionality for FSO and LiDAR Applications / _cBarira Majeed, |
||
| 264 |
_aIslamabad, _bSEECS NUST _c2024. |
||
| 300 |
_a74,p; _bill; _c30,cm. |
||
| 650 |
_aMS- Electrical Engineering _923567 |
||
| 700 |
_aSupervisor:Dr. Usman Zabit _9114425 |
||
| 856 | _uhttp://10.250.8.41:8080/xmlui/handle/123456789/43544 | ||
| 942 |
_2ddc _cTHE |
||
| 999 |
_c609333 _d609333 |
||